000 00667nam a2200277Ia 4500
005 20260324141933.0
008 008 260324s9999 xx 000 0 eng d
020 _a9780203419755
037 _aEBOOK
040 _aCRL
040 _beng
040 _cCRL
041 _2eng
041 _aeng
084 _qCRL
100 _aMurray Knowles; Kirsten Malmkjaer
_91210074
245 0 _aLanguage and Control in Children's Literature
260 _bTaylor and Francis
260 _c1996
365 _a
365 _b230
856 _uhttp://www.taylorfrancis.com/books/9780203419755
942 _cEBOOK
999 _c1813697
_d1813697